01178nab a22002537a 4500999001500000003000400015005001700019008004100036040000700077100003700084245013700121260007200258300001000330500003800340505013700378505008900515650002600604650003000630650003700660650004200697650003400739773013800773942001300911 c5724d5724OSt20251231174546.0190605e xxu||||| |||| 00| 0 spa d cPJ 96646aVázquez (h), César A. 10aAlgunas reflexiones sobre el derecho de huelga y los daños y perjuicios en ocasión de su ejercicio /cCésar A. Vázquez (h.). aCiudad Autónoma de Buenos Aires :bThomson Reuters La Ley,c2023. ap. 51 aCita: TR LALEY AR/DOC/944/2023.  aSumario: I. Introducción.— II. El precedente jurisprudencial.— III. Consideraciones jurídicas.— IV. El derecho de huelga.  t¿Te interesa el texto completo? Solicitalo al correo: koha@justierradelfuego.gov.ar 091316aDERECHO LABORAL 091323aCONTRATO DE TRABAJO 091383aLEY DE CONTRATO DE TRABAJO 091354aCONVENIOS COLECTIVOS DE TRABAJO 091367aASOCIACIONES SINDICALES0 0271193168dCiudad Autónoma de Buenos Aires : Thomson Reuters La Ley, 1999-2002.tRevista de derecho del trabajo. Nº 3 - Mayo 2023 2udccANA